000 00722nam a2200241 a 4500
005 20191224041527.0
008 140220b1996 ck |||||rm||| 00| 0 spa d
040 _aCO-BoIAVH
_cCO-BoIAVH
041 _aspa
044 _ack
090 _aTE
_b0069
100 _aBohórquez Salguero, Clara Isabel
245 _aEcología y organización social de Chiorospingus semifuscus (Aves
_bThraupidae)
260 _aBogotá
_bUniversidad Nacional de Colombia
_c1996
300 _a79 p.
650 _aEcología de poblaciones
650 _aAves
650 _aBiología de una especie
650 _aEtología
650 _aComportamiento
662 _aColombia
_bNariño
942 _cTESIS
_2z
999 _c394
_d394